| 000 | 01808cam a2200481 4500 | ||
|---|---|---|---|
| 001 | 22697 | ||
| 003 | SK-KTurca | ||
| 005 | 20260420163452.0 | ||
| 008 | 210624s2020 xo a br 010 j slo | ||
| 015 | _aSNBA2020/03 | ||
| 020 |
_a9788055170084 _q(brožované) |
||
| 035 | _a13C87409-C87A-4D70-9EAB-E5ADEDE07C91 | ||
| 035 | _aurn:nbn:sk:snk-am3ify7 | ||
| 035 | _aurn:nbn:sk:snk-am00e8ti | ||
| 040 |
_aSVKBB _bslo _cSVKBB _dSNK _erda |
||
| 041 | 1 |
_aslo _heng |
|
| 044 |
_axo _cSK |
||
| 072 | 7 |
_a821.111 _xAnglická literatúra, anglicky písaná _2konspekt |
|
| 072 | 7 |
_a821-93 _xLiteratúra pre deti a mládež (beletria) _2konspekt |
|
| 080 |
_a821.111-32 _22011 |
||
| 080 |
_a82-93-053.4/.5 _22011 |
||
| 100 | 1 |
_aEnnis-Hill, Jessica, _d1986- _4aut |
|
| 240 | 1 | 0 |
_aEvie's Magic Bracelet: The Silver Unicorn _lSlovensky |
| 245 | 1 | 0 |
_aElin čarovný náramok _n1 _pStrieborný jednorožec _cJessica Ennis-Hill a Elen Caldecott ; ilustrovala Erica-Jane Waters ; z anglického originálu Evie's Magic Bracelet: The Silver Unicorn ... preložila Eva Budjačová |
| 246 | 3 | 0 | _aStrieborný jednorožec |
| 250 | _aPrvé vydanie | ||
| 264 | 1 |
_aBratislava _bIkar, a.s. - Stonožka _c2020 |
|
| 300 |
_a135 strán _bilustrácie _c20 cm |
||
| 336 |
_atext _btxt _2rdacontent |
||
| 337 |
_abez média _bn _2rdamedia |
||
| 338 |
_azväzok _bnc _2rdacarrier |
||
| 500 | _aObsahuje biografické údaje | ||
| 521 | 8 | _aPre deti od 5 rokov | |
| 655 | 7 |
_aanglické príbehy _2SNKPH |
|
| 655 | 7 |
_aliteratúra pre deti _2SNKPH |
|
| 655 | 7 |
_aEnglish stories _2SNKPHeng |
|
| 655 | 7 |
_aChildren's literature _2SNKPHeng |
|
| 700 | 1 |
_aCaldecott, Elen _4aut |
|
| 700 | 1 |
_aWaters, Erica-Jane, _d1975- _4ill |
|
| 700 | 1 |
_aBudjačová, Eva _4trl |
|
| 787 | 0 | 8 |
_iZo série: _tElin čarovný náramok _g1 |
| 942 |
_2ddc _cKLDE _n0 |
||
| 999 |
_c22697 _d22697 |
||